000 00660nas a2200229 4500
001 BR8006917
003 BR-BrBNA
005 20231205084437.0
007 ta
008 230509b bl.|||p| |||| 00| 00por d
040 _aBR-BrBNA
_bpor
_cBiblioteca Nacional de Agricultura
041 _a(Pt)
072 _aS10
100 1 _aAnon.
245 1 _aMetodos rapidos para a determinacao da qualidade da proteina
650 _aPROTEINA
650 _aVALOR BIOLOGICO
650 _aANALISE QUIMICA
773 0 _tAlimentacao (Brazil)
_xISSN 0100-0993
_g(Dec 1980), (no. 51) p. 14-18
_wBR8006917
909 _a202311
_bLúcia
_c55
_dLúcia Elande
942 _2AGRIS
_n0
_cANA
999 _c105272
_d105272